Handbook of US-Middle East Relations : (Record no. 16447)
[ view plain ]
| 000 -LEADER | |
|---|---|
| fixed length control field | 00872nam a22002177a 4500 |
| 008 - FIXED-LENGTH DATA ELEMENTS--GENERAL INFORMATION | |
| fixed length control field | 120212s2009 uk|||||r|||| 001 0 eng d |
| 020 ## - INTERNATIONAL STANDARD BOOK NUMBER | |
| International Standard Book Number | 1857434994 |
| 020 ## - INTERNATIONAL STANDARD BOOK NUMBER | |
| International Standard Book Number | 9781857434996 |
| 082 ## - DEWEY DECIMAL CLASSIFICATION NUMBER | |
| Edition number | 22 |
| Classification number | 327.73056 |
| Item number | HAN |
| 245 ## - TITLE STATEMENT | |
| Title | Handbook of US-Middle East Relations : |
| Remainder of title | Formative Factors and Regional Perspectives / |
| Statement of responsibility, etc | edited by Robert Looney. |
| 260 ## - PUBLICATION, DISTRIBUTION, ETC. (IMPRINT) | |
| Place of publication, distribution, etc | London : |
| Name of publisher, distributor, etc | Routledge, |
| Date of publication, distribution, etc | 2009. |
| 300 ## - PHYSICAL DESCRIPTION | |
| Extent | xvi, 523 p. : |
| Other physical details | ill. ; |
| Dimensions | 25 cm. |
| 504 ## - BIBLIOGRAPHY, ETC. NOTE | |
| Bibliography, etc | Includes bibliographical references and index. |
| 651 ## - SUBJECT ADDED ENTRY--GEOGRAPHIC NAME | |
| 9 (RLIN) | 3840 |
| Geographic name | United States |
| General subdivision | Foreign relations |
| Chronological subdivision | 2001- |
| Geographic subdivision | United States. |
| 651 ## - SUBJECT ADDED ENTRY--GEOGRAPHIC NAME | |
| 9 (RLIN) | 28834 |
| Geographic name | Middle East |
| General subdivision | Foreign relations |
| Chronological subdivision | 1979- |
| Geographic subdivision | United States. |
| 653 ## - INDEX TERM--UNCONTROLLED | |
| Resource For college | |
| Arrived date list | February2011 |
| 651 ## - SUBJECT ADDED ENTRY--GEOGRAPHIC NAME | |
| 9 (RLIN) | 11042 |
| Geographic name | United States |
| General subdivision | Foreign relations |
| Geographic subdivision | Middle East |
| 651 ## - SUBJECT ADDED ENTRY--GEOGRAPHIC NAME | |
| 9 (RLIN) | 11041 |
| Geographic name | Middle East |
| General subdivision | Foreign relations |
| Geographic subdivision | United States |
| 700 ## - ADDED ENTRY--PERSONAL NAME | |
| 9 (RLIN) | 28835 |
| Personal name | Looney, Robert E |
| 942 ## - ADDED ENTRY ELEMENTS (KOHA) | |
| Source of classification or shelving scheme | Dewey Decimal Classification |
| Item type | Book - Borrowing |
| Withdrawn status | Item status | Source of classification or shelving scheme | Damaged status | Not for loan | Vendor | Home library | Current library | Shelving location | Date acquired | Source of acquisition | Cost, normal purchase price | Serial Enumeration / chronology | Total Checkouts | Total Renewals | Full call number | Barcode | Date last seen | Date last borrowed | Koha item type |
|---|---|---|---|---|---|---|---|---|---|---|---|---|---|---|---|---|---|---|---|
| Dewey Decimal Classification | MERIC | Central Library | Central Library | First floor | 12/02/2012 | 1490.00 | 13168 | 7 | 50 | 327.73056 HAN | 000026089 | 15/07/2025 | 28/10/2019 | Book - Borrowing |